000 00717nam a22002297a 4500
005 20251108173347.0
008 250721s9999 xx 000 0 ara d
082 1 4 _aم/ط/503
100 1 _aسلق، أحمد
_eCart.
245 1 0 _aالموسوعة الجغرافية و الفلكية للناشئة /
264 1 _aبيروت :
_bدار الشرق العربي،
650 1 7 _aالموسوعات
650 1 7 _aالكواكب
650 1 7 _aالجغرافيا الطبيعية
650 1 7 _aالفضاء
650 1 7 _aالمحيطات
650 1 7 _aالمد و الجزر
653 _a(سنة 14-10) ناشئون صغار
700 1 _aسلق، هيثم
_eCart.
942 _2ddc
_cBK
999 _c102100
_d102100